000 01795cam a2200397 i 4500
001 EDZ0000052702
003 StDuBDS
005 20161031105201.0
006 m||||||||d||||||||
007 cr |||||||||||
008 111206s2012 cau fo| 001|0|eng|d
020 _a9781452218663 (ebook) :
_cNo price
040 _aStDuBDS
_beng
_cStDuBDS
_erda
_epn
049 _aAlfaisal Main Library
050 0 _aLB2825
_b.S33595 2012
082 0 4 _a371.206
_223
245 0 0 _aSchool finance /
_cvolume editor, William E. Thro.
264 1 _aThousand Oaks, California :
_bSAGE Publications,
_c2012.
300 _a1 online resource (xxvii, 404 pages).
336 _atext
_2rdacontent
337 _acomputer
_2rdamedia
338 _aonline resource
_2rdacarrier
490 1 _aDebating issues in American education ;
_vvolume 6
504 _aIncludes bibliographical references and index.
520 8 _aContributors explore issues as additional fees, charger schools, equity vs. adequacy, federal mandates and funding, merit pay for teachers, property taxes and local revenues, and more. Each chapter opens with an introductory essay by the volume editor, followed by articles written and signed by invited experts, and concludes with Further Readings and Resources.
521 _aSpecialized.
588 _aDescription based on online resource; title from home page (viewed on December 17, 2014).
650 0 _aEducation
_zUnited States
_xFinance.
655 7 _aElectronic books.
_2local
700 1 _aThro, William E.,
_eeditor.
710 2 _aSage eBooks
776 0 8 _iPrint version :
_z9781412987578
830 0 _aDebating issues in American education ;
_vvolume 6.
856 4 0 _uhttp://ezproxy.alfaisal.edu/login?url=http://sk.sagepub.com/reference/schoolfinance
942 _2lcc
_cEBOOKS
999 _c481170
_d481170